000 00728cab a2200241 4500
001 WB2919-17
008 090401t1993 xxu||||| |||| 00| 0 eng d
035 _a(Sirsi) u31410
041 _aeng
245 _aInsolvency actions
260 _c1993
350 _a0
490 _aCSW - The Property Week
_v43(8) 20 May 1993, 70(1)
520 _aThe Insolvency Act 1986 has broadened the range of options available to insolvent companies beyond that of liquidation alone.
650 _aADMINISTRATION
650 _aADMINISTRATIVE RECEIVERSHIP
650 _aASSETS
650 _aINSOLVENCY ACT 1986
650 _aRECEIVERSHIP
690 _aPROPERTY-PROPERTY FINANCE AND INVESTMENT
942 _n0
948 _c04/03/1997
999 _c21089
_d21089